Most Lonely Countries Quiz Stats

 Plays Quiz Updated Dec 6, 2018

Challenge
Share
Tweet
Embed
Score 0/50 Timer 08:00
3 Plays Today
Rank Country % Correct
15.Russia
93.3%
9.Canada
92.8%
4.Australia
88.7%
1.Mongolia
82.7%
28.Argentina
79.1%
42.Brazil
78.9%
25.Norway
78.3%
40.Sweden
78%
33.Finland
77.2%
41.Chile
75.5%
34.New Zealand
73.5%
36.Sudan
71.1%
43.Peru
68.9%
11.Libya
68.8%
16.Chad
68.8%
13.Kazakhstan
68.3%
30.Algeria
67.6%
22.Saudi Arabia
67.4%
5.Iceland
67.3%
23.Niger
66.3%
49.Democratic Republic of the Congo
61.5%
21.Mali
60.3%
17.Bolivia
59.3%
32.Paraguay
57.7%
19.Turkmenistan
56.9%
Rank Country % Correct
2.Namibia
54.2%
39.Uruguay
54.1%
31.Angola
53.1%
14.Central African Republic
52.2%
27.Somalia
51.3%
7.Mauritania
50.9%
24.South Sudan
49.8%
3.Denmark (inc. Greenland)
49.6%
8.Botswana
47.7%
47.Kyrgyzstan
47.6%
18.Oman
47.4%
35.Zambia
47.2%
48.Mozambique
46%
20.Republic of the Congo
45.9%
10.Guyana
44.8%
6.Suriname
44.6%
29.Papua New Guinea
39.1%
46.Laos
33.8%
50.Estonia
31.3%
12.Gabon
30.6%
26.Belize
24.6%
37.Solomon Islands
20.3%
38.Vanuatu
19.6%
43.Equatorial Guinea
17.6%
45.The Bahamas
16%

You're not logged in!

Compare scores with friends on all Sporcle quizzes.
OR
Log In

You Might Also Like...

Show Comments

Extras

Top Quizzes Today


Score Distribution

Your Account Isn't Verified!

In order to create a playlist on Sporcle, you need to verify the email address you used during registration. Go to your Sporcle Settings to finish the process.

Report this User

Report this user for behavior that violates our Community Guidelines.

Details: